Statistics for Which countries do not have any diplomatic ties to Israel?

Click here to take the quiz!

General Stats

  • This quiz has been taken 31 times
  • The average score is 17 of 21

Answer Stats

% Correct
Saudi Arabia 
96%
Lebanon
92%
Yemen
92%
Iraq
88%
Kuwait
88%
Libya
88%
Somalia
88%
Syria
88%
United Arab Emirates
88%
Algeria
85%
Indonesia
85%
Malaysia
85%
North Korea
85%
Pakistan
85%
Afghanistan
81%
Brunei
81%
Djibouti
77%
Sudan
77%
Bangladesh
69%
Bhutan
65%
Comoros
58%

Score Distribution

Percentile by Number Answered

Percent of People with Each Score

Your Score History

You have not taken this quiz